LEADER 01521nam 2200385 n 450 001 996385231003316 005 20221108085339.0 035 $a(CKB)4940000000066262 035 $a(EEBO)2240892814 035 $a(UnM)99836267 035 $a(EXLCZ)994940000000066262 100 $a19900831d1617 uy | 101 0 $aeng 135 $aurbn||||a|bb| 200 12$aA briefe description of the whole vvorld$b[electronic resource] $eVVherein is particularly described all the monarchies, empires, and kingdomes of the same, with their academies. Newly augmented and enlarged; with their seuerall titles and scituations thereunto adioyning 205 $aThe fourth edition. 210 $aAt London $cPrinted [by Thomas Snodham] for Iohn Browne, and are to be sold at his shoppe in Saint Dunstans churchyard in Fleet-streete$d1617 215 $a[176] p 300 $aBy George Abbot. 300 $aPrinter's name from STC. 300 $aSignatures: A-Y?. 300 $aThe first leaf is blank except for signature-mark "A". 300 $aReproduction of the original in the Henry E. Huntington Library and Art Gallery. 330 $aeebo-0113 606 $aGeography$vEarly works to 1800$vEarly works to 1800 615 0$aGeography 700 $aAbbot$b George$f1562-1633.$01002222 801 0$bCu-RivES 801 1$bCu-RivES 801 2$bCStRLIN 801 2$bWaOLN 906 $aBOOK 912 $a996385231003316 996 $aA briefe description of the whole vvorld$92329104 997 $aUNISA LEADER 01188nam a2200301 i 4500 001 991003092019707536 005 20020503183323.0 008 010321s1995 it ||| | eng 020 $a8822243544 035 $ab10456776-39ule_inst 035 $aEXGIL114950$9ExL 040 $aBiblioteca Interfacoltà$bita 041 0 $aengita 082 0 $a016.185 100 1 $aLohr, Charles H.$0160795 245 10$aIndex initiorum, index finium /$cCharles H. Lohr 260 $aFirenze :$bL.S. Olschki,$c1995 300 $axv, 289 p. ;$c26 cm. 490 0 $aCorpus philosophorum Medii Aevi. Subsidia ;$v10 490 0 $aLatin Aristotle commentaries ;$v3 650 4$aAristotele$xCommentari$ySec. 16.$xRepertori 907 $a.b10456776$b21-02-17$c27-06-02 912 $a991003092019707536 945 $aLE007 016.1 ARI01.LOH01. 01 stanza 49/a$g1$i2007000060124$lle007$o-$pE0.00$q-$rl$s- $t0$u0$v0$w0$x0$y.i12174695$z27-03-03 945 $aLE002 Fil. XVII H 6/III$g1$i2002000012722/P92$lle002$o-$pE0.00$q-$rn$so $t0$u0$v0$w0$x0$y.i10529159$z27-06-02 996 $aIndex initiorum, index finium$9221727 997 $aUNISALENTO 998 $ale007$ale002$b01-01-01$cm$da $e-$feng$git $h0$i1